| 000 | 00538nmm a2200169Ia 4500 | ||
|---|---|---|---|
| 008 | 251105s9999||||xx |||||||||||||||||und|| | ||
| 020 | _a8479087188 | ||
| 041 | _aspa | ||
| 100 | _aHerrero Blanco, Angel L. | ||
| 245 | 0 |
_aEscritura alfabética de la lengua de signos española : _b Once lecciones |
|
| 264 |
_a[Madrid, España] : _bPublicaciones de la Universidad de Alicante, _c2003 |
||
| 300 | _a160 páginas | ||
| 490 | _aFilología | ||
| 650 | _aLexicology | ||
| 856 | _uhttps://public.digitaliapublishing.com/a/634 | ||
| 942 | _cCF | ||
| 999 |
_c73597 _d73597 |
||